Nové slitiny hliníku - slitiny s lithiem

Bibliographic Details
Main Authors: Komárek, Vladimír (Author), Šperlink, Karel, 1943- (Author)
Format: Article
Language:Czech
PhysicalDescription:Tb. 1., lit. 4 zázn. v češ., nem.
Subjects:

MARC

LEADER 00000nab a2200000 a 4500
001 vtls000416435
003 SK-MaSNL
005 20260302234818.0
008 160201c1990 xo 0 cze
015 |a SNBRA19rr/mm-uuuuu 
035 |a CL0416560 
040 |a SNKBUCL  |b slo  |c SNKBUCL  |e AACR2 
041 0 |a cze 
044 |a xo  |c SK 
080 |a 669.71.018:669.884  |2 1981 
080 |a 669.884  |2 1981 
100 1 |a Komárek, Vladimír  |4 aut  |9 201377 
245 1 0 |a Nové slitiny hliníku - slitiny s lithiem  |c Vladimír Komárek, Karel Šperlink 
300 |b Tb. 1., lit. 4 zázn. v češ., nem. 
650 0 7 |a zliatiny Al-Li  |2 snkbucl  |9 970617 
655 7 |a články zo zborníkov  |2 snkbucl  |9 166140 
700 1 |a Šperlink, Karel,  |d 1943-  |4 aut  |9 98899 
773 0 |t Zváranie neželezných kovov  |d Bratislava : Dom techniky ČSVTS, 1990  |g S. 8-10 
850 |a Slovenská národná knižnica v Martine  |a MTA001 
852 |a SNK  |b KIS3GCP 
958 |a RK 
958 |a CZ 
992 |a RZB 
999 |c 1552025  |d 1553955